| 000 | 00423nam a2200157Ia 4500 | ||
|---|---|---|---|
| 008 | 230314s9999 xx 000 0 und d | ||
| 020 | _a978-93-5250-047-5 | ||
| 041 | _aeng | ||
| 082 | _aPS/610.7365/SRE/B02591 | ||
| 100 |
_aSreevani R _9177491 |
||
| 245 | _aGuide To Mental Health And Psychiatric Nursing | ||
| 260 |
_bJaypee Brothers _aNew Delhi _c2016 |
||
| 300 | _a491 | ||
| 906 | _bBSC | ||
| 999 |
_c137588 _d137588 |
||